Quản trị xúc tiến thương mại trong xây dựng và phát triển thương hiệu : ( Sách chuyên khảo )

Nội dung cuốn sách mô tả những hoạt động truyền thông marketing cơ bản của doanh nghiệp, giúp thương hiệu chiếm trọn trái tim và khối óc của khách hàng bao gồm: công cụ xúc tiến marketing truyền thống, quảng cáo, xúc tiến bán hàng, quan hệ côn...

Volledige beschrijving

Bewaard in:
Bibliografische gegevens
Hoofdauteur: An, Thị Thanh Nhàn
Formaat: Boek
Taal:Undetermined
Gepubliceerd in: Hà Nội Lao động - Xã hội 2010
Onderwerpen:
Tags: Voeg label toe
Geen labels, Wees de eerste die dit record labelt!
Thư viện lưu trữ: Trung tâm Học liệu Trường Đại học Cần Thơ
LEADER 01278nam a2200217Ia 4500
001 CTU_160696
008 210402s9999 xx 000 0 und d
020 |c 99000 
082 |a 658.827 
082 |b Nh105 
100 |a An, Thị Thanh Nhàn 
245 0 |a Quản trị xúc tiến thương mại trong xây dựng và phát triển thương hiệu : 
245 0 |b ( Sách chuyên khảo ) 
245 3 |c An Thị Thanh Nhàn, Lục Thị Thanh Hường 
260 |a Hà Nội 
260 |b Lao động - Xã hội 
260 |c 2010 
520 |a Nội dung cuốn sách mô tả những hoạt động truyền thông marketing cơ bản của doanh nghiệp, giúp thương hiệu chiếm trọn trái tim và khối óc của khách hàng bao gồm: công cụ xúc tiến marketing truyền thống, quảng cáo, xúc tiến bán hàng, quan hệ công chúng và bán hàng cá nhân, công cụ hỗ trợ internet, hôci chợ triển lãm, marketing trực tiếp. 
650 |a Brand name products,Product management,Thương hiệu sản phẩm,Quản trị sản phẩm 
904 |i QHieu 
980 |a Trung tâm Học liệu Trường Đại học Cần Thơ